Statistiques concernant fandom kpop

Cliquez ici pour prendre le quiz!

Statistiques générales

  • Ce quiz a été pris 1 442 fois
  • Le résultat moyen est 7 sur 15

Statistiques - réponses

HintRéponse% Correct
bts
army
98%
stray kidsstay
95%
blackpinkblink
91%
ateezatiny
73%
exoexo-l
66%
enhypenengene
54%
(g)i-dleneverland
42%
shineeshawol
32%
dreamcatcherinsomnia
26%
itzymitzy
26%
everglowforever
22%
2NE1blackjack
17%
cravityluvity
15%
mcndgem
11%
acechoice
10%

Distribution des résultats

Percentile par nombre de réponses

% des personnes avec chaque résultat

Votre développement - résultats

Vous n’avez pas pris ce quiz